| 000 | 00714nam a22001577a 4500 | ||
|---|---|---|---|
| 003 | OSt | ||
| 005 | 20190823141928.0 | ||
| 008 | 190823b xxu||||| |||| 00| 0 eng d | ||
| 040 | _cRUA | ||
| 082 | _aAGR THY 2017 B644 Or.1 | ||
| 100 |
_913852 _aTHYSOTHEA ធី សុធារ |
||
| 245 | _acomparison of difference rates of urea fertilizer on lettuce ( lactuca sativa L. ) in tramkok district takeo province ប្រៀបធៀបកម្រិតជីអ៊ុយរ៉េខុសៗគ្នានៅលើដំណាំសាលាដ នៅស្រុកត្រាំកក់ ខេត្តតាកែវ | ||
| 260 |
_aRUA _bphnom penh _c2017 |
||
| 300 |
_axi;40p _bill; _c29cm |
||
| 942 |
_2ddc _cAGR |
||
| 999 |
_c18180 _d18180 |
||